Apuntes de complementos de álgebra

Salvato in:
Dettagli Bibliografici
Autore principale: Consigliere Dezerega, Lidia Rosa (Autore)
Natura: Libro
Lingua:spagnolo
Pubblicazione: Valparaíso Universidad Católica de Valparaíso 2000
Soggetti:
Tags: Aggiungi Tag
Nessun Tag, puoi essere il primo ad aggiungerne!!

MARC

LEADER 00000nam a2200000 a 4500
001 UCN3420
003 CL-VaPUC
008 010629e20000000CL |||||||||||||||||spa|d
082 0 4 |a 512  |b CON  |2 21 
100 0 |a Consigliere Dezerega, Lidia Rosa  |e author  |9 459954 
245 1 0 |a Apuntes de complementos de álgebra 
300 |a 62 h 
942 |c BK 
945 |d 20010629 00:00:00  |a rbrito 
260 |a Valparaíso  |b Universidad Católica de Valparaíso  |c 2000 
650 0 |a Álgebra  |9 259567 
650 0 |a Ecuaciones  |9 260137 
650 0 |a Polinomio  |9 417637 
650 7 |a GRUPO DE GALOIS  |2 CL-VaPUC  |9 459955 
583 |a last modification  |c 20010629 00:00:00  |k Rodrigo Vera 
999 |c 296317  |d 296315 
952 |0 0  |1 0  |4 0  |6 512_000000000000000_CON_2000  |7 0  |8 A  |9 350001  |a BIBMAT  |b BIBMAT  |c E_DIDACT  |d 2019-11-20  |i 3723992  |o 512 CON 2000  |p 3723992  |r 2025-01-07  |w 2019-11-20  |y BK  |k MAT